|
|
|
|
| LEADER |
00000nam a22000007a 4500 |
| 005 |
20190414200626.0 |
| 007 |
cr|||| |||| |
| 008 |
190414s2018 br |||||s|||| 00||0 por d |
| 020 |
|
|
|a 978-85-361-9774-6
|
| 035 |
|
|
|a 23075
|
| 040 |
|
|
|a vLex
|
| 090 |
|
|
|c 8628
|d 8628
|
| 100 |
1 |
|
|a Scalřcio, Marcos
|
| 245 |
1 |
0 |
|a NRs e normas nacionais e internacionais de sad︢e e seguranȧ no trabalho organizadas por temas
|h [Recurso electrn̤ico] /
|c Marcos Scalřcio, Tulio Martinez Minto, Leone Pereira
|
| 256 |
|
|
|a Servicio en ln̕ea
|
| 260 |
|
|
|a San Pablo:
|b LTR,
|c 2018
|
| 300 |
|
|
|a 1 recurso electrn̤ico
|
| 506 |
1 |
|
|a Disponible solo en los productos indicados
|d vLex Global
|d vLex Global (Academic Edition, excluding Law Schools)
|d vLex Global (U.S. Academic Edition, Law Schools)
|d vLex Global (U.S. Academic Edition, excluding Law Schools)
|d vLex Global (Academic Edition, Law Schools)
|
| 650 |
0 |
4 |
|a Derecho Laboral y Seguridad Social
|z Brasil
|
| 700 |
1 |
|
|a Martinez Minto, Tulio
|
| 700 |
1 |
|
|a Pereira, Leone
|
| 740 |
0 |
|
|a vLex Libros (Servicio en ln̕ea)
|
| 856 |
4 |
0 |
|u http://vlex.com/source/nrs-normas-nacionais-internacionais-saude-seguran-a-trabalho-organizadas-temas-23075
|z Acceso restringido
|
| 942 |
|
|
|c BOOK
|
| 999 |
0 |
|
|a Labor law and social security
|